Logo BPK

Biblioteka

Politechniki Koszalińskiej

Sbornik zadac po teorii verojatnostej matematiceskoj statistike i teorii slucajnych funkcij. (Rekord nr 13510)

Szczegóły MARC
000 -ETYKIETA REKORDU
podpole kontrolne o stałej długości 00366nam a2200133 i 4500
001 - NUMER KONTROLNY REKORDU
pole kontrolne bg
040 ## - ŹRÓDŁO KATALOGOWANIA
Instytucja, która utworzyła rekord BPK
041 ## - KOD JĘZYKA
Kod języka tekstu pol
008 - POLE O STAŁEJ DŁUGOŚCI - DANE KONTROLNE
podpole kontrolne o stałej długości s pl f |000 0 pol
245 #0 - TYTUŁ/ODPOWIEDZIALNOŚĆ
Tytuł Sbornik zadac po teorii verojatnostej matematiceskoj statistike i teorii slucajnych funkcij.
250 ## - STREFA WYDANIA
Oznaczenie wydania Izdanie vtoroe dopolnennoe.
260 ## - STREFA ADRESU WYDAWNICZEGO
Miejsce wydania Moskva,
Data publikacji, dystrybucji/powstania dokumentu 1970.
856 ## - LOKALIZACJA I DOSTĘP DO ELEKTRONICZNYCH DOKUMENTÓW ZDALNYCH
Link (URL) http://koha.tu.koszalin.pl/cgi-bin/koha/opac-detail.pl?biblionumber=13510
Tekst linku Katalog online BPK
942 ## - DODATKOWE ELEMENTY (KOHA)
Typ dokumentu Książka
Egzemplarze
Wycofany Status egzemplarza Uszkodzony Dostępność Lokalizacja stała Lokalizacja bieżąca Miejsce przechowywania Sygnatura Kod kreskowy Typ dokumentu
      Dostępny Biblioteka Politechniki Koszalińskiej Biblioteka Politechniki Koszalińskiej Wypożyczalnia BG 10735 01752137 Książka
© 2023 Biblioteka Politechniki Koszalińskiej :: KOHA